000 00675nas a2200229 4500
001 BR8805086
003 BR-BrBNA
005 20231205091256.0
007 ta
008 230509b bl.|||p| |||| 00| 00por d
040 _aBR-BrBNA
_bpor
_cBiblioteca Nacional de Agricultura
041 _a(Pt)
072 _aF30
100 1 _aFornasieri Filho, D.
100 1 _aCastellane, P.D.
245 1 _aCompeticao de cultivares de milho doce
650 _aMILHO DOCE
650 _aCOMPETICAO DE VARIEDADE
773 0 _tHorticultura Brasileira (Brazil)
_xISSN 0102-0536
_g(May 1988), v. 6(1) p. 20-22
_wBR8805086
909 _a202311
_bLúcia
_c55
_dLúcia Elande
942 _2AGRIS
_n0
_cANA
999 _c124056
_d124056